|
|
|
|
| LEADER |
01143nam a2200301 a 4500 |
| 001 |
15635357 |
| 008 |
110328s2009 njua b 001 0 eng d |
| 010 |
|
|
|a 2009007604
|
| 015 |
|
|
|a GBA944467
|2 bnb
|
| 016 |
7 |
|
|a 015174847
|2 Uk
|
| 020 |
|
|
|a 9780321635372 (hardcover : alk. paper)
|
| 020 |
|
|
|a 032163537X (hardcover : alk. paper)
|
| 040 |
|
|
|a DLC
|c DLC
|d BTCTA
|d UKM
|d YDXCP
|d C#P
|d BWX
|d CDX
|d DLC
|d BD-DhAAL
|
| 050 |
0 |
0 |
|a QA76.6
|b .S726 2009
|
| 082 |
0 |
0 |
|a 005.1
|2 22
|
| 100 |
1 |
|
|a Stepanov, Alexander A.
|
| 245 |
1 |
0 |
|a Elements of programming /
|c Alexander Stepanov, Paul McJones.
|
| 260 |
|
|
|a Upper Saddle River, NJ :
|b Addison-Wesley,
|c c2009.
|
| 300 |
|
|
|a xiii, 262 p. :
|b ill. ;
|c 24 cm.
|
| 504 |
|
|
|a Includes bibliographical references and index.
|
| 541 |
1 |
|
|e 00022228
|
| 650 |
|
0 |
|a Computer programming.
|
| 650 |
|
0 |
|a Computer algorithms.
|
| 700 |
1 |
|
|a McJones, Paul.
|
| 852 |
|
|
|a Ayesha Abed Library
|c General Shelf.
|
| 942 |
0 |
0 |
|0 1
|
| 999 |
|
|
|c 10590
|d 10590
|
| 952 |
|
|
|0 0
|1 0
|2 ddc
|4 0
|6 005_100000000000000_STE
|7 0
|9 15888
|a BRACUL
|b BRACUL
|c GEN
|d 2011-03-28
|e Parama
|g 2719.32
|l 10
|m 48
|o 005.1 STE
|p 3010022228
|r 2025-05-13
|s 2024-10-30
|t 1
|w 2011-03-28
|y BK
|